[Event "23. Open Cappelle la Grande 2007"]
[Site "Cappelle la Grande FRA"]
[Date "2007.03.03"]
[Round "1.3"]
[White "Tomczak, Jacek"]
[Black "Spraggett, Kevin"]
[Result "0-1"]
[WhiteElo "2457"]
[BlackElo "2633"]
[PlyCount "108"]
[EventDate "2007.03.03"]
[EventType "swiss"]
[EventRounds "9"]
[EventCountry "FRA"]
[Source "lmi"]
[SourceDate "2007.03.03"]

1. e4 c5 2. Nf3 e6 3. d4 cxd4 4. Nxd4 a6 5. Bd3 Nf6 6. O-O d6 7. c4 Be7 8. Nc3
O-O 9. Be3 Nbd7 10. f4 Re8 11. Nb3 b6 12. g4 g6 13. g5 Nh5 14. Be2 Ng7 15. h4
Bb7 16. Qe1 f5 17. Bf3 Bf8 18. Rd1 Qc7 19. Qe2 Rac8 20. Rc1 Re7 21. Rfd1 Rf7
22. Qg2 Re8 23. Rd2 Ba8 24. Ne2 e5 25. Nc3 exf4 26. Bd4 fxe4 27. Nxe4 Bxe4 28.
Bxe4 Ne6 29. h5 Ne5 30. Bxe5 dxe5 31. hxg6 hxg6 32. Qg4 Bc5+ 33. Kf1 Be3 34.
Bxg6 Bxd2 35. Nxd2 Kg7 36. Bxf7 Qxf7 37. Re1 Nd4 38. Kg2 Nf5 39. Kf2 Ne3 40.
Rxe3 fxe3+ 41. Kxe3 Qf4+ 42. Qxf4 exf4+ 43. Kxf4 Re2 44. Ne4 Rxb2 45. a3 Ra2
46. c5 bxc5 47. Nxc5 Rxa3 48. Ke4 a5 49. Kd4 Ra1 50. Kd3 Rb1 51. Kc2 Rb8 52.
Na4 Rb4 53. Nb2 a4 54. Kc3 a3 0-1

[Event "23. Open Cappelle la Grande 2007"]
[Site "Cappelle la Grande FRA"]
[Date "2007.03.03"]
[Round "1.4"]
[White "Miroshnichenko, Evgenij"]
[Black "Dumitrache, Dragos-Nicolae"]
[Result "1-0"]
[WhiteElo "2632"]
[BlackElo "2455"]
[PlyCount "102"]
[EventDate "2007.03.03"]
[EventType "swiss"]
[EventRounds "9"]
[EventCountry "FRA"]
[Source "lmi"]
[SourceDate "2007.03.03"]

1. d4 Nf6 2. Nf3 d6 3. c4 Bg4 4. Nc3 Bxf3 5. gxf3 c6 6. f4 e6 7. e3 d5 8. Bd2
g6 9. Qb3 Qb6 10. c5 Qc7 11. Qc2 Bg7 12. Bd3 Nbd7 13. b4 a6 14. Rb1 Ng8 15. Ne2
Ne7 16. Ng3 Nf5 17. Bc3 Nh4 18. Ke2 O-O 19. Rhg1 Kh8 20. Nf1 Qd8 21. Nd2 Qe7
22. a4 Ra7 23. Rg4 Rb8 24. Rb3 Qd8 25. Rg1 Rba8 26. Rgb1 Qe7 27. Nf1 g5 28.
fxg5 Qxg5 29. Ng3 f5 30. f4 Qg4+ 31. Kd2 Nf6 32. Be2 Qh3 33. Rh1 Ne4+ 34. Nxe4
fxe4 35. Qd1 Bh6 36. Bg4 Qg2+ 37. Kc1 Qa2 38. Bxe6 Re8 39. Bg4 Ng2 40. Rb2 Qa3
41. Qd2 a5 42. Kb1 Rg8 43. h3 Nh4 44. bxa5 Qxa4 45. Qc2 Rxa5 46. Bxa5 Qxa5 47.
Rxb7 Nf3 48. Bxf3 Ra8 49. Kc1 Qa3+ 50. Kd2 Bxf4 51. Rb3 Qa4 1-0

[Event "23. Open Cappelle la Grande 2007"]
[Site "Cappelle la Grande FRA"]
[Date "2007.03.03"]
[Round "1.7"]
[White "Klovans, Janis"]
[Black "Balogh, Csaba"]
[Result "0-1"]
[WhiteElo "2448"]
[BlackElo "2616"]
[PlyCount "114"]
[EventDate "2007.03.03"]
[EventType "swiss"]
[EventRounds "9"]
[EventCountry "FRA"]
[Source "lmi"]
[SourceDate "2007.03.03"]

1. e4 c5 2. Nf3 d6 3. d4 cxd4 4. Nxd4 Nf6 5. Nc3 Nc6 6. Bg5 Bd7 7. Nb3 e6 8. f4
h6 9. Bh4 a6 10. Be2 b5 11. a3 Qb6 12. Qd2 Be7 13. Bf3 Rc8 14. Bf2 Qb8 15. O-O
O-O 16. Rfe1 Rfe8 17. Rad1 a5 18. Qe2 b4 19. axb4 axb4 20. Na4 Nd4 21. Nxd4
Bxa4 22. e5 dxe5 23. fxe5 Nh7 24. b3 Bd7 25. Nf5 Bc6 26. Nxe7+ Rxe7 27. Bxc6
Rxc6 28. Rd4 Re8 29. Qd2 Qc7 30. Re2 Ra8 31. h3 Nf8 32. Rxb4 Ra1+ 33. Kh2 Ra2
34. Qd4 Rcxc2 35. Rxc2 Qxc2 36. Rb8 Qxf2 37. Rxf8+ Kh7 38. Qxf2 Rxf2 39. b4 Kg6
40. b5 Rb2 41. Rb8 Re2 42. Kg3 Rxe5 43. Kf3 Kf5 44. g4+ Kg5 45. Rb7 Kf6 46. Rb8
h5 47. b6 Rb5 48. b7 hxg4+ 49. hxg4 g6 50. Ke4 Kg5 51. Kd4 Kxg4 52. Kc4 Rb1 53.
Kc5 e5 54. Kc6 e4 55. Re8 Kf3 56. Re7 f5 57. Re6 e3 0-1

[Event "23. Open Cappelle la Grande 2007"]
[Site "Cappelle la Grande FRA"]
[Date "2007.03.03"]
[Round "1.8"]
[White "Postny, Evgeny"]
[Black "Orlov, Andrey"]
[Result "1/2-1/2"]
[WhiteElo "2616"]
[BlackElo "2447"]
[PlyCount "111"]
[EventDate "2007.03.03"]
[EventType "swiss"]
[EventRounds "9"]
[EventCountry "FRA"]
[Source "lmi"]
[SourceDate "2007.03.03"]

1. d4 Nf6 2. c4 e6 3. Nf3 c5 4. d5 exd5 5. cxd5 d6 6. Nc3 g6 7. Nd2 a6 8. a4
Nbd7 9. e4 Bg7 10. Be2 O-O 11. O-O Re8 12. Rb1 Rb8 13. Qc2 Qc7 14. b3 Nb6 15.
Bb2 Bd7 16. Rfe1 Nc8 17. Nd1 b5 18. axb5 axb5 19. b4 Nb6 20. bxc5 dxc5 21. Bxf6
Bxf6 22. Bxb5 Bxb5 23. Rxb5 c4 24. Ne3 c3 25. Nf3 Nd7 26. Rxb8 Rxb8 27. Rb1 Ne5
28. Rxb8+ Qxb8 29. Ne1 Qb4 30. g3 Nd7 31. Nf3 h5 32. Kg2 Bg7 33. h4 Nf6 34. d6
Nd7 35. Qd3 Qc5 36. Ne1 Qc6 37. f4 Bf8 38. Nc4 f5 39. Qd5+ Qxd5 40. exd5 Nf6
41. Kf3 Kf7 42. Ne5+ Ke8 43. Ke3 Nxd5+ 44. Kd4 Nf6 45. Kxc3 Bxd6 46. Nxg6 Ne4+
47. Kd4 Kf7 48. Ne5+ Ke6 49. N1f3 Bc5+ 50. Kc4 Bf2 51. Nd3 Bxg3 52. Kd4 Bf2+
53. Nxf2 Nxf2 54. Ng5+ Kd6 55. Nf7+ Ke6 56. Ng5+ 1/2-1/2

[Event "23. Open Cappelle la Grande 2007"]
[Site "Cappelle la Grande FRA"]
[Date "2007.03.03"]
[Round "1.10"]
[White "Malakhatko, Vadim"]
[Black "Shaw, John"]
[Result "1-0"]
[WhiteElo "2604"]
[BlackElo "2440"]
[PlyCount "93"]
[EventDate "2007.03.03"]
[EventType "swiss"]
[EventRounds "9"]
[EventCountry "FRA"]
[Source "lmi"]
[SourceDate "2007.03.03"]

1. d4 d5 2. c4 c6 3. Nc3 dxc4 4. e3 b5 5. a4 b4 6. Ne4 Nf6 7. Nxf6+ exf6 8.
Bxc4 Be6 9. Bxe6 fxe6 10. Qh5+ g6 11. Qe2 c5 12. Nf3 Nc6 13. O-O cxd4 14. Rd1
Be7 15. Nxd4 Nxd4 16. Rxd4 Qb6 17. a5 Qb7 18. a6 Qb6 19. Bd2 Rc8 20. Qf3 Kf7
21. Rd7 Rc7 22. Rxc7 Qxc7 23. Qb7 Qxb7 24. axb7 Rb8 25. Rxa7 e5 26. Kf1 Ke6 27.
e4 Kd7 28. Be3 Kc6 29. Ke2 Rxb7 30. Rxb7 Kxb7 31. Kd3 Kc6 32. Kc4 b3 33. g4 Bd6
34. f3 Be7 35. f4 exf4 36. Bxf4 Bd8 37. h3 h5 38. gxh5 gxh5 39. Kxb3 f5 40.
exf5 Kd5 41. Bd2 Ke4 42. Kc4 Kxf5 43. Kd5 Bb6 44. b4 Ba7 45. b5 Bf2 46. Bb4 Kf4
47. Bc5 1-0

[Event "23. Open Cappelle la Grande 2007"]
[Site "Cappelle la Grande FRA"]
[Date "2007.03.03"]
[Round "1.12"]
[White "Fedorchuk, Sergey A"]
[Black "Krivonosov, Oleg"]
[Result "1-0"]
[WhiteElo "2601"]
[BlackElo "2434"]
[PlyCount "65"]
[EventDate "2007.03.03"]
[EventType "swiss"]
[EventRounds "9"]
[EventCountry "FRA"]
[Source "lmi"]
[SourceDate "2007.03.03"]

1. e4 e5 2. Nf3 Nc6 3. Bb5 Nf6 4. O-O Nxe4 5. Re1 Nd6 6. Nxe5 Be7 7. Bf1 O-O 8.
d4 Nf5 9. d5 Nxe5 10. Rxe5 d6 11. Re1 Bf6 12. Nd2 Bg5 13. Bd3 Nh6 14. c4 Bf5
15. Bxf5 Nxf5 16. Ne4 Bxc1 17. Rxc1 Re8 18. Rc2 Nh6 19. Rce2 Qd7 20. Qb3 b6 21.
Qh3 f5 22. Kf1 Nf7 23. Nc5 dxc5 24. Qxf5 Qa4 25. b3 Rxe2 26. bxa4 Rxe1+ 27.
Kxe1 Re8+ 28. Kd2 Ne5 29. Kc3 Re7 30. a5 Nd7 31. a6 g6 32. Qf4 Nf8 33. Qf6 1-0

[Event "23. Open Cappelle la Grande 2007"]
[Site "Cappelle la Grande FRA"]
[Date "2007.03.03"]
[Round "1.15"]
[White "Swinkels, Robin"]
[Black "Kritz, Leonid"]
[Result "1/2-1/2"]
[WhiteElo "2428"]
[BlackElo "2597"]
[PlyCount "127"]
[EventDate "2007.03.03"]
[EventType "swiss"]
[EventRounds "9"]
[EventCountry "FRA"]
[Source "lmi"]
[SourceDate "2007.03.03"]

1. e4 c5 2. Nf3 Nc6 3. d4 cxd4 4. Nxd4 Qb6 5. Nb3 Nf6 6. Nc3 e6 7. Bd3 a6 8.
Qe2 d6 9. O-O Be7 10. Bd2 O-O 11. Rae1 Nd7 12. Kh1 Nde5 13. f4 Nxd3 14. cxd3
Qd8 15. Be3 b5 16. Rc1 Bd7 17. Qd2 Qb8 18. Ne2 a5 19. Nbd4 Nxd4 20. Nxd4 Qb7
21. Rc2 b4 22. Rfc1 Rfc8 23. Kg1 Bd8 24. Rxc8 Rxc8 25. Rxc8 Qxc8 26. Qc2 Qb7
27. b3 Bb6 28. Kf2 e5 29. Ne2 g6 30. Bxb6 Qxb6+ 31. d4 exf4 32. Qd2 g5 33. h4
h6 34. hxg5 hxg5 35. g3 fxg3+ 36. Kxg3 f6 37. e5 dxe5 38. dxe5 Qc7 39. Kf2 Bg4
40. Qd5+ Qf7 41. Qd8+ Kg7 42. Qxf6+ Qxf6+ 43. exf6+ Kxf6 44. Nd4 Bd7 45. Ke3 g4
46. Kf4 g3 47. Kxg3 Ke5 48. Nc2 Ke4 49. a3 a4 50. axb4 axb3 51. Na3 Kd4 52. Kf2
b2 53. b5 Kc5 54. b6 Bc6 55. Ke3 Kb4 56. Nb1 Kb3 57. Kd2 Be4 58. Nc3 Ka3 59.
Nb5+ Kb4 60. Nc3 Kb3 61. Nb1 Kb4 62. Nc3 Ka5 63. Nb1 Kxb6 64. Kc3 1/2-1/2

[Event "23. Open Cappelle la Grande 2007"]
[Site "Cappelle la Grande FRA"]
[Date "2007.03.03"]
[Round "1.17"]
[White "Danielian, Elina"]
[Black "Grigoriants, Sergey"]
[Result "0-1"]
[WhiteElo "2426"]
[BlackElo "2592"]
[PlyCount "112"]
[EventDate "2007.03.03"]
[EventType "swiss"]
[EventRounds "9"]
[EventCountry "FRA"]
[Source "lmi"]
[SourceDate "2007.03.03"]

1. d4 Nf6 2. Nf3 e6 3. e3 c5 4. c4 d5 5. Nc3 cxd4 6. exd4 Bb4 7. cxd5 Nxd5 8.
Bd2 Nc6 9. Bd3 Be7 10. O-O O-O 11. Re1 Nf6 12. Bg5 Bd7 13. a3 Nd5 14. Bxe7
Ncxe7 15. Ne5 Bc6 16. Qh5 h6 17. Ne4 Qb6 18. b4 Qxd4 19. Rad1 Qb2 20. Nc4 Qd4
21. Bf1 Nf6 22. Qh4 Qxe4 23. Rxe4 Bxe4 24. f3 Bd5 25. Ne3 a5 26. bxa5 Nc6 27.
a6 bxa6 28. Rc1 Ne7 29. Rc7 Ng6 30. Qg3 Rfb8 31. Bd3 Nf8 32. Qf4 Rb3 33. Nxd5
exd5 34. Bf5 Rxa3 35. Qb4 Ra1+ 36. Kf2 Ra2+ 37. Kg3 Re8 38. Bb1 Rae2 39. Ra7
Nh5+ 40. Kh4 Nf4 41. g3 Rxh2+ 42. Kg4 Ne2 43. Rxf7 h5+ 44. Kg5 Kxf7 45. Qb7+
Re7 46. Bg6+ Nxg6 47. Qxd5+ Re6 48. Qf5+ Ke7 49. Qc5+ Ke8 50. f4 Ne7 51. f5
Nxg3 52. Qa7 Ne4+ 53. Kf4 Rf2+ 54. Ke3 Nxf5+ 55. Kd3 Rd2+ 56. Kc4 Ned6+ 0-1

[Event "23. Open Cappelle la Grande 2007"]
[Site "Cappelle la Grande FRA"]
[Date "2007.03.03"]
[Round "1.20"]
[White "Rozentalis, Eduardas"]
[Black "Foisor, Ovidiu Doru"]
[Result "1-0"]
[WhiteElo "2582"]
[BlackElo "2418"]
[PlyCount "65"]
[EventDate "2007.03.03"]
[EventType "swiss"]
[EventRounds "9"]
[EventCountry "FRA"]
[Source "lmi"]
[SourceDate "2007.03.03"]

1. e4 g6 2. d4 c6 3. Nc3 d5 4. h3 Bg7 5. Nf3 Nf6 6. e5 Ne4 7. Nxe4 dxe4 8. Ng5
c5 9. Bc4 O-O 10. c3 Nc6 11. Be3 cxd4 12. cxd4 Qa5+ 13. Kf1 h6 14. Nxe4 Rd8 15.
Qf3 Bf5 16. g4 Nxd4 17. Bxd4 Rxd4 18. Bxf7+ Kxf7 19. gxf5 Qxe5 20. fxg6+ Kg8
21. Re1 Rf8 22. Qb3+ Kh8 23. Qc2 Qf5 24. Re3 Rd6 25. Qe2 Rxg6 26. Rg1 Re6 27.
Rg4 Bd4 28. Reg3 Be5 29. Rd3 Bf4 30. Rd4 Qe5 31. Qd3 Qf5 32. Rd8 Be5 33. Qd5
1-0

[Event "23. Open Cappelle la Grande 2007"]
[Site "Cappelle la Grande FRA"]
[Date "2007.03.03"]
[Round "2.2"]
[White "Spraggett, Kevin"]
[Black "Rodshtein, Maxim"]
[Result "1/2-1/2"]
[WhiteElo "2633"]
[BlackElo "2520"]
[PlyCount "89"]
[EventDate "2007.03.03"]
[EventType "swiss"]
[EventRounds "9"]
[EventCountry "FRA"]
[Source "lmi"]
[SourceDate "2007.03.03"]

1. e4 c5 2. Nf3 d6 3. d4 cxd4 4. Nxd4 Nf6 5. Nc3 a6 6. Bg5 e6 7. f4 Qc7 8. Bxf6
gxf6 9. Be2 Nc6 10. Qd2 Bd7 11. O-O-O h5 12. Kb1 O-O-O 13. Nb3 Kb8 14. Bf3 Na5
15. Nxa5 Qxa5 16. Qe3 h4 17. Rd3 Qc5 18. Qd2 Be7 19. Re1 Qa5 20. a3 Rc8 21. Bg4
Rc7 22. f5 Rc5 23. fxe6 fxe6 24. b4 Qb6 25. Nd5 exd5 26. Bxd7 dxe4 27. Rxe4 Re5
28. Red4 f5 29. Ba4 Rc8 30. Ka2 Qd8 31. Bb3 Qh8 32. Bd5 Qg7 33. c3 Bg5 34. Qb2
Bf6 35. Rc4 Rxc4 36. Bxc4 b5 37. Bd5 Qg4 38. h3 Qe2 39. Qxe2 Rxe2+ 40. Kb3 Be5
41. a4 bxa4+ 42. Kxa4 Ka7 43. Bf3 Re1 44. Kb3 Kb6 45. Kc4 1/2-1/2

[Event "23. Open Cappelle la Grande 2007"]
[Site "Cappelle la Grande FRA"]
[Date "2007.03.03"]
[Round "2.3"]
[White "Pushkov, Nikolai"]
[Black "Miroshnichenko, Evgenij"]
[Result "0-1"]
[WhiteElo "2522"]
[BlackElo "2632"]
[PlyCount "138"]
[EventDate "2007.03.03"]
[EventType "swiss"]
[EventRounds "9"]
[EventCountry "FRA"]
[Source "lmi"]
[SourceDate "2007.03.03"]

1. d4 Nf6 2. Nf3 e6 3. c4 b6 4. Nc3 Bb7 5. a3 g6 6. Bg5 h6 7. Bh4 Bg7 8. e3 d6
9. Be2 Nbd7 10. O-O g5 11. Bg3 h5 12. h4 gxh4 13. Bxh4 Nf8 14. d5 Ng6 15. dxe6
fxe6 16. Bg5 Qd7 17. Qc2 Qf7 18. Qa4+ Nd7 19. Nd4 Bxd4 20. exd4 Nf4 21. Bxf4
Qxf4 22. d5 e5 23. Nb5 Ke7 24. Qb3 Nc5 25. Qe3 Qxe3 26. fxe3 a6 27. Nc3 Nb3 28.
Rad1 Rag8 29. Ne4 Bc8 30. Rf2 Bg4 31. Nf6 Rg7 32. Bxg4 hxg4 33. Ne4 g3 34. Rf3
Rg4 35. Nxg3 Rxc4 36. e4 Nd4 37. Rf2 a5 38. Rdf1 a4 39. Rf7+ Kd8 40. Rf8+ Rxf8
41. Rxf8+ Kd7 42. Rf7+ Ke8 43. Rf2 Rc1+ 44. Rf1 Nb3 45. Rxc1 Nxc1 46. Kf1 Nd3
47. Ke2 Nxb2 48. Kd2 Nc4+ 49. Kc3 Nxa3 50. Kb4 Nc2+ 51. Kxa4 Ne3 52. Kb5 Kd7
53. Nh5 Nxg2 54. Nf6+ Kd8 55. Ng4 Nf4 56. Ne3 Ne2 57. Kc4 Kc8 58. Nf5 Kb7 59.
Ng7 Ng3 60. Kd3 b5 61. Ne6 Kb6 62. Ng5 Nh5 63. Kc3 Nf6 64. Kb4 Nd7 65. Ne6 Nc5
66. Ng5 Na6+ 67. Kc3 Ka5 68. Ne6 Ka4 69. Kb2 Kb4 0-1

[Event "23. Open Cappelle la Grande 2007"]
[Site "Cappelle la Grande FRA"]
[Date "2007.03.03"]
[Round "2.5"]
[White "Balogh, Csaba"]
[Black "Zinchenko, Yaroslav"]
[Result "1/2-1/2"]
[WhiteElo "2616"]
[BlackElo "2507"]
[PlyCount "66"]
[EventDate "2007.03.03"]
[EventType "swiss"]
[EventRounds "9"]
[EventCountry "FRA"]
[Source "lmi"]
[SourceDate "2007.03.03"]

1. e4 c5 2. Nf3 Nc6 3. d4 cxd4 4. Nxd4 Nf6 5. Nc3 e5 6. Ndb5 d6 7. Bg5 a6 8.
Na3 b5 9. Nd5 Be7 10. Bxf6 Bxf6 11. c4 b4 12. Nc2 a5 13. Be2 O-O 14. O-O Bg5
15. Qd3 Be6 16. Rfd1 Rb8 17. b3 g6 18. h3 Kh8 19. Nde3 Qb6 20. Bg4 Rbd8 21. Nd5
Qa7 22. Qg3 Bh6 23. Qh4 Bg7 24. Rd2 f5 25. Bf3 f4 26. Kf1 h5 27. g4 fxg3 28.
Qxg3 Bh6 29. Rd3 Kh7 30. Ke2 Bxd5 31. Rxd5 Ne7 32. Rb5 Rf6 33. Bh1 Nc6 1/2-1/2

[Event "23. Open Cappelle la Grande 2007"]
[Site "Cappelle la Grande FRA"]
[Date "2007.03.03"]
[Round "2.6"]
[White "Erdos, Viktor"]
[Black "Malakhatko, Vadim"]
[Result "1/2-1/2"]
[WhiteElo "2518"]
[BlackElo "2604"]
[PlyCount "43"]
[EventDate "2007.03.03"]
[EventType "swiss"]
[EventRounds "9"]
[EventCountry "FRA"]
[Source "lmi"]
[SourceDate "2007.03.03"]

1. d4 d5 2. c4 c6 3. Nf3 Nf6 4. Nc3 dxc4 5. a4 e6 6. e3 c5 7. Bxc4 cxd4 8. exd4
Nc6 9. O-O Be7 10. Qe2 O-O 11. Rd1 Nb4 12. Qe5 Bd7 13. Qg3 Nh5 14. Qg4 Nf6 15.
Qg3 Nh5 16. Qh3 Nf6 17. Ne5 Bc6 18. Qg3 Nh5 19. Qg4 Nf6 20. Qg3 Nh5 21. Qg4 Nf6
22. Qg3 1/2-1/2

[Event "23. Open Cappelle la Grande 2007"]
[Site "Cappelle la Grande FRA"]
[Date "2007.03.03"]
[Round "2.7"]
[White "Bocharov, Dmitry"]
[Black "Dgebuadze, Alexandre"]
[Result "1-0"]
[WhiteElo "2602"]
[BlackElo "2504"]
[PlyCount "87"]
[EventDate "2007.03.03"]
[EventType "swiss"]
[EventRounds "9"]
[EventCountry "FRA"]
[Source "lmi"]
[SourceDate "2007.03.03"]

1. d4 d5 2. c4 c6 3. Nf3 Nf6 4. Nc3 a6 5. c5 Nbd7 6. Bf4 Nh5 7. Bd2 Nhf6 8. Qc2
g6 9. g3 Bg7 10. Bg2 O-O 11. O-O Re8 12. Rad1 b5 13. cxb6 Qxb6 14. Bf4 a5 15.
Na4 Qb5 16. Rfe1 Ba6 17. Ne5 Rac8 18. Rc1 e6 19. Nd3 Bf8 20. Bg5 Qb8 21. Nac5
Bxd3 22. exd3 Nxc5 23. dxc5 Nd7 24. d4 Bg7 25. Rcd1 e5 26. Bh3 f5 27. Bd2 exd4
28. Rxe8+ Rxe8 29. Bxa5 Qb5 30. b4 Qc4 31. Qb3 Qc3 32. Bf1 Ne5 33. Kg2 f4 34.
gxf4 Nd7 35. Qa4 Re6 36. b5 Qxc5 37. Bb4 Nb6 38. Qb3 Qc4 39. Bxc4 dxc4 40. Qh3
Kf7 41. Bc5 Nd5 42. Qf3 c3 43. bxc6 c2 44. Rc1 1-0

[Event "23. Open Cappelle la Grande 2007"]
[Site "Cappelle la Grande FRA"]
[Date "2007.03.04"]
[Round "3.5"]
[White "Landa, Konstantin"]
[Black "Georgiev, Vladimir"]
[Result "1/2-1/2"]
[WhiteElo "2596"]
[BlackElo "2529"]
[PlyCount "127"]
[EventDate "2007.03.03"]
[EventType "swiss"]
[EventRounds "9"]
[EventCountry "FRA"]
[Source "lmi"]
[SourceDate "2007.03.03"]

1. e4 e5 2. Nf3 Nc6 3. Bb5 a6 4. Ba4 Nf6 5. O-O Bc5 6. c3 b5 7. Bb3 d6 8. a4
Bg4 9. h3 Bxf3 10. Qxf3 O-O 11. a5 Rb8 12. Kh1 d5 13. exd5 e4 14. Qe2 Ne7 15.
d4 exd3 16. Qxd3 Nexd5 17. Bg5 h6 18. Bh4 Nf4 19. Qg3 Qd3 20. Nd2 Qxd2 21. Bxf6
Nh5 22. Qe5 Nxf6 23. Qxc5 Qxb2 24. Rab1 Qd2 25. Qxc7 Rbc8 26. Bxf7+ Kh8 27. Qb7
Rb8 28. Qe7 Ne4 29. Qxe4 Rxf7 30. Qc6 Rf6 31. Qc5 Re8 32. Rbd1 Qa2 33. Ra1 Qc2
34. Rac1 Qa4 35. Rce1 Ref8 36. Ra1 Qc2 37. Kg1 Rf5 38. Qd4 Rf4 39. Qe3 Rc4 40.
Rac1 Qg6 41. Rcd1 Re8 42. Qf3 Rec8 43. Rd3 Qc6 44. Re1 Qxf3 45. Rxf3 R8c7 46.
Re6 Ra7 47. Rf8+ Kh7 48. f4 Rxc3 49. f5 Rcc7 50. Kf2 b4 51. Rb8 Rc5 52. g4 Rxa5
53. Ree8 g5 54. Rh8+ Kg7 55. Rbf8 Ra2+ 56. Kf3 Ra3+ 57. Ke4 Re7+ 58. Kd5 Rd3+
59. Kc5 Rc7+ 60. Kxb4 Rc6 61. Rhg8+ Kh7 62. Rh8+ Kg7 63. Rhg8+ Kh7 64. Rh8+
1/2-1/2

[Event "23. Open Cappelle la Grande 2007"]
[Site "Cappelle la Grande FRA"]
[Date "2007.03.04"]
[Round "3.6"]
[White "Moroz, Alexander"]
[Black "Grigoriants, Sergey"]
[Result "1/2-1/2"]
[WhiteElo "2507"]
[BlackElo "2592"]
[PlyCount "89"]
[EventDate "2007.03.03"]
[EventType "swiss"]
[EventRounds "9"]
[EventCountry "FRA"]
[Source "lmi"]
[SourceDate "2007.03.03"]

1. e4 c5 2. Nf3 d6 3. d4 cxd4 4. Nxd4 Nf6 5. Nc3 e6 6. Be2 Nc6 7. Be3 Be7 8.
O-O Bd7 9. f4 Nxd4 10. Bxd4 Bc6 11. Qe1 O-O 12. Bf3 Nd7 13. Rd1 Qc7 14. Be3 b5
15. a3 Rac8 16. Qe2 a6 17. Kh1 Rfe8 18. Qf2 Ba8 19. Rd2 Rb8 20. Ba7 Rb7 21. Bd4
b4 22. Qg3 Bf8 23. axb4 Rxb4 24. e5 dxe5 25. fxe5 Bc5 26. Bxc5 Nxc5 27. Bxa8
Rxa8 28. b3 a5 29. Qe3 h6 30. h3 Rf8 31. Rf3 a4 32. bxa4 Nxa4 33. Nxa4 Rxa4 34.
Rg3 Kh8 35. c3 Rc8 36. Rd4 Rc4 37. Rxc4 Qxc4 38. Rf3 Rc7 39. Qd4 Kg8 40. Qd8+
Kh7 41. Qd4 Qe2 42. Kh2 Rc4 43. Qd6 Ra4 44. Rxf7 Ra2 45. Rxg7+ 1/2-1/2

[Event "23. Open Cappelle la Grande 2007"]
[Site "Cappelle la Grande FRA"]
[Date "2007.03.04"]
[Round "3.7"]
[White "Rozentalis, Eduardas"]
[Black "Pruess, David"]
[Result "0-1"]
[WhiteElo "2582"]
[BlackElo "2416"]
[PlyCount "42"]
[EventDate "2007.03.03"]
[EventType "swiss"]
[EventRounds "9"]
[EventCountry "FRA"]
[Source "lmi"]
[SourceDate "2007.03.03"]

1. e4 c5 2. Nf3 g6 3. c3 d5 4. exd5 Qxd5 5. d4 Bg7 6. c4 Qd6 7. Nc3 cxd4 8. Nb5
Qb6 9. Bf4 Na6 10. Be2 Bd7 11. O-O Rd8 12. Re1 d3 13. Bxd3 Bxb5 14. cxb5 Nc5
15. Re3 Nf6 16. Be5 O-O 17. b4 Nxd3 18. Rxd3 Ng4 19. Bd4 Bxd4 20. Rxd4 Nxf2 21.
Qd2 e5 0-1

[Event "23. Open Cappelle la Grande 2007"]
[Site "Cappelle la Grande FRA"]
[Date "2007.03.04"]
[Round "3.8"]
[White "Burmakin, Vladimir"]
[Black "Petrosian, Suren"]
[Result "1/2-1/2"]
[WhiteElo "2568"]
[BlackElo "2391"]
[PlyCount "52"]
[EventDate "2007.03.03"]
[EventType "swiss"]
[EventRounds "9"]
[EventCountry "FRA"]
[Source "lmi"]
[SourceDate "2007.03.03"]

1. d4 g6 2. e4 d6 3. g3 Bg7 4. Bg2 c5 5. dxc5 Qa5+ 6. c3 Qxc5 7. Be3 Qb5 8. Qb3
Qa6 9. Na3 Nc6 10. Bf1 Qa5 11. Bc4 Nd8 12. Qb5+ Nc6 13. Qxa5 Nxa5 14. Bd3 a6
15. Bb6 Nc6 16. f4 Nf6 17. Nf3 Bg4 18. O-O Nd7 19. Nc4 Nxb6 20. Nxb6 Rd8 21.
Kg2 h5 22. Nd2 h4 23. h3 hxg3 24. hxg4 Rh2+ 25. Kxg3 Rxd2 26. Rfd1 Rxb2 1/2-1/2

[Event "23. Open Cappelle la Grande 2007"]
[Site "Cappelle la Grande FRA"]
[Date "2007.03.04"]
[Round "3.10"]
[White "Hasangatin, Ramil"]
[Black "Gashimov, Vugar"]
[Result "0-1"]
[WhiteElo "2481"]
[BlackElo "2658"]
[PlyCount "120"]
[EventDate "2007.03.03"]
[EventType "swiss"]
[EventRounds "9"]
[EventCountry "FRA"]
[Source "lmi"]
[SourceDate "2007.03.03"]

1. e4 c5 2. Nf3 g6 3. Bc4 Bg7 4. O-O d6 5. c3 Nf6 6. Bb5+ Nc6 7. e5 Nd5 8. d4
O-O 9. e6 Bxe6 10. c4 Nc7 11. d5 Bxd5 12. cxd5 Nxb5 13. dxc6 bxc6 14. Qc2 Qd7
15. Nc3 Nd4 16. Qd1 Rab8 17. Rb1 f5 18. b3 e5 19. Nd2 g5 20. Ne2 g4 21. Ba3 Qe6
22. Re1 Nb5 23. Bb2 f4 24. Qc2 Kh8 25. Rbd1 Qh6 26. Ne4 Rbd8 27. b4 Qg6 28. Rc1
c4 29. a4 Nd4 30. Nxd4 exd4 31. Qxc4 d5 32. Qxc6 Qxc6 33. Rxc6 Rfe8 34. f3 dxe4
35. fxe4 d3 36. Bxg7+ Kxg7 37. Rc4 g3 38. Rd1 Kf6 39. b5 Ke5 40. a5 Rc8 41. Rb4
d2 42. Rbb1 Red8 43. hxg3 fxg3 44. Kf1 Rf8+ 45. Ke2 Rf2+ 46. Kd3 Rxg2 47. b6
axb6 48. axb6 Kf4 49. b7 Rd8+ 50. Kc4 Rb8 51. Kd5 Re2 52. Kc6 g2 53. Kc7 Rxb7+
54. Kxb7 h5 55. e5 h4 56. e6 h3 57. Kc7 h2 58. Kd7 g1=Q 59. Rf1+ Qxf1 60. Rxf1+
Ke5 0-1

[Event "23. Open Cappelle la Grande 2007"]
[Site "Cappelle la Grande FRA"]
[Date "2007.03.04"]
[Round "3.11"]
[White "Firman, Nazar"]
[Black "Spraggett, Kevin"]
[Result "0-1"]
[WhiteElo "2481"]
[BlackElo "2633"]
[PlyCount "81"]
[EventDate "2007.03.03"]
[EventType "swiss"]
[EventRounds "9"]
[EventCountry "FRA"]
[Source "lmi"]
[SourceDate "2007.03.03"]

1. e4 c5 2. Nf3 d6 3. d4 Nf6 4. Nc3 cxd4 5. Nxd4 e6 6. Be3 a6 7. Qd2 Nbd7 8. f3
h5 9. O-O-O b5 10. Kb1 Bb7 11. Bd3 Rc8 12. Rhe1 Be7 13. Nce2 Ne5 14. Nf4 Qd7
15. Qf2 g6 16. Bc1 Nxd3 17. Nxd3 e5 18. Nb3 Qc7 19. Be3 Bd8 20. Qd2 a5 21. Bg5
b4 22. Rc1 Qb6 23. Bxf6 Bxf6 24. c3 a4 25. Na1 bxc3 26. Rxc3 O-O 27. Nc2 Bg5
28. Qxg5 Rxc3 29. Ndb4 Rc5 30. a3 Qd8 31. Qxd8 Rxd8 32. Ne3 Kg7 33. Rd1 h4 34.
Nd3 Rcc8 35. Nb4 Kh6 36. Na2 Kg5 37. Nc3 f5 38. Ned5 Bxd5 39. Rxd5 Rc4 40. Kc2
fxe4 41. fxe4 0-1

[Event "23. Open Cappelle la Grande 2007"]
[Site "Cappelle la Grande FRA"]
[Date "2007.03.04"]
[Round "3.15"]
[White "Malakhatko, Vadim"]
[Black "Moranda, Wojciech"]
[Result "1/2-1/2"]
[WhiteElo "2604"]
[BlackElo "2468"]
[PlyCount "50"]
[EventDate "2007.03.03"]
[EventType "swiss"]
[EventRounds "9"]
[EventCountry "FRA"]
[Source "lmi"]
[SourceDate "2007.03.03"]

1. d4 Nf6 2. c4 g6 3. Nc3 Bg7 4. e4 O-O 5. Nge2 d6 6. f3 c5 7. Be3 Nbd7 8. Qd2
a6 9. a4 Qa5 10. Rb1 e6 11. g4 Qc7 12. b3 b6 13. Bg2 Bb7 14. O-O cxd4 15. Bxd4
Rfd8 16. g5 Ne8 17. Bxg7 Kxg7 18. f4 Kg8 19. Ng3 Rac8 20. h4 Qc5+ 21. Kh2 Qb4
22. Rfd1 Bc6 23. Na2 Qxd2 24. Rxd2 Nc5 25. Nb4 Bb7 1/2-1/2